[Event "XI. Solinger Karnevals-Open"]
[Site "Solingen"]
[Date "2020.02.23"]
[Round "4.34"]
[White "Schüller, Reinhard"]
[Black "Gülcan, Bartu Atilla"]
[Result "1/2-1/2"]
[WhiteElo "1406"]
[BlackElo "1101"]
[PlyCount "84"]
[EventDate "2020.02.21"]
[EventType "swiss"]
[EventRounds "5"]
[EventCountry "GER"]
[Tiebreak "Buchholz+Sum of Buchholz"]

1. e4 e5 2. d4 exd4 3. c3 dxc3 4. Bc4 Nc6 5. Nf3 Bb4 6. O-O d6 7. Ng5 Be6 8.
Nxe6 fxe6 9. Bxe6 Qe7 10. Bb3 Qxe4 11. Re1 Nf6 12. Rxe4+ Nxe4 13. Qe2 O-O-O 14.
Nxc3 Bxc3 15. bxc3 Rde8 16. Bb2 Re7 17. Qg4+ Kd8 18. c4 Rhe8 19. Bxg7 Rg8 20.
Re1 Nf6 21. Bxf6 Rxg4 22. h3 Rg6 23. Bxe7+ Nxe7 24. Bc2 Rg5 25. Bxh7 Ra5 26.
Re2 Nc6 27. Rb2 Ne5 28. Bg8 b6 29. Rd2 Ke7 30. f4 Nd7 31. Bd5 Nf6 32. Re2+ {(=)
} Kf8 33. Be6 b5 34. g4 bxc4 35. Bxc4 Ra4 36. Rc2 d5 37. Bb3 Rxf4 38. Rxc7 d4
39. Rf7+ Ke8 40. Kg2 d3 41. Kg3 Rf1 42. Kg2 Rf4 1/2-1/2

[Event "XI. Solinger Karnevals-Open"]
[Site "Solingen"]
[Date "2020.02.23"]
[Round "5.1"]
[White "Popov, Mikhail"]
[Black "Grabowski, Pawel"]
[Result "1/2-1/2"]
[WhiteElo "2421"]
[BlackElo "2305"]
[PlyCount "117"]
[EventDate "2020.02.21"]
[EventType "swiss"]
[EventRounds "5"]
[EventCountry "GER"]
[Tiebreak "Buchholz+Sum of Buchholz"]

1. Nf3 Nf6 2. g3 g6 3. Bg2 Bg7 4. d4 O-O 5. O-O d6 6. b3 Bd7 7. Bb2 Re8 8. c4
Qc8 9. Re1 Bh3 10. Bh1 Bg4 11. Qc2 c6 12. e4 Bxf3 13. Bxf3 e5 14. dxe5 dxe5 15.
c5 Nbd7 16. Nd2 Qc7 17. b4 Bf8 18. Red1 a5 19. a3 axb4 20. axb4 b6 21. Nb3 Qb7
22. Rxa8 Rxa8 23. Bc1 bxc5 24. bxc5 Qb5 25. Be3 Ra3 26. Rd3 Ra2 27. Qxa2 Qxd3
28. Qa4 h5 29. Kg2 Ng4 30. Bxg4 hxg4 31. Qxc6 Qd1 32. Nd2 Nxc5 33. Bxc5 Bxc5
34. Qxc5 Qxd2 35. Qc8+ Kg7 36. Qxg4 Qd4 37. Qf3 Kg8 38. h4 Kg7 39. Qe2 Kg8 40.
Qe3 Qc4 41. g4 Kg7 42. Qf3 Qe6 43. Kg3 Qc4 44. h5 Qc1 45. hxg6 fxg6 46. Kg2 Qg5
47. Qg3 Kf6 48. Kf3 Qd2 49. Qh4+ Ke6 50. g5 Kd6 51. Kg2 Qe2 52. Kg3 Qd3+ 53. f3
Qe3 54. Kg2 Qd2+ 55. Kh3 Qc1 56. Kh2 Qd2+ 57. Kg1 Qe3+ 58. Kg2 Qd2+ 59. Kg1
1/2-1/2

[Event "XI. Solinger Karnevals-Open"]
[Site "Solingen"]
[Date "2020.02.23"]
[Round "5.2"]
[White "Naundorf, Maik"]
[Black "Huhndorf, Arnold"]
[Result "1/2-1/2"]
[WhiteElo "2134"]
[BlackElo "2219"]
[PlyCount "36"]
[EventDate "2020.02.21"]
[EventType "swiss"]
[EventRounds "5"]
[EventCountry "GER"]
[Tiebreak "Buchholz+Sum of Buchholz"]

1. c4 Nf6 2. g3 g6 3. b3 e5 4. Bb2 Nc6 5. Bg2 Bg7 6. Nf3 d6 7. Nc3 O-O 8. O-O
Re8 9. d3 h6 10. Nd2 Nd4 11. e3 Ne6 12. Nde4 Nh7 13. f4 f5 14. Nf2 c6 15. Qd2
a5 16. Rae1 Bd7 17. Kh1 g5 18. Ne2 Rf8 1/2-1/2

[Event "XI. Solinger Karnevals-Open"]
[Site "Solingen"]
[Date "2020.02.23"]
[Round "5.3"]
[White "Neumair, Jerome"]
[Black "Engels, Stefan"]
[Result "1/2-1/2"]
[WhiteElo "2151"]
[BlackElo "2017"]
[PlyCount "57"]
[EventDate "2020.02.21"]
[EventType "swiss"]
[EventRounds "5"]
[EventCountry "GER"]
[Tiebreak "Buchholz+Sum of Buchholz"]

1. d4 Nf6 2. c4 c5 3. d5 b5 4. cxb5 a6 5. bxa6 g6 6. Nc3 Bg7 7. Nf3 O-O 8. e4
Qa5 9. Bd2 Bxa6 10. Bxa6 Qxa6 11. Qe2 d6 12. Qxa6 Nxa6 13. Ke2 Rfb8 14. Rab1 c4
15. Be3 Nb4 16. Nd2 Nxa2 17. f3 Nd7 18. Nxa2 Rxa2 19. Nxc4 Bxb2 20. Nxb2 Raxb2+
21. Rxb2 Rxb2+ 22. Bd2 f5 23. Rd1 fxe4 24. fxe4 Nc5 25. Kf3 Rb3+ 26. Be3 Nd3
27. h3 Ne5+ 28. Kf2 Kf7 29. Bd4 1/2-1/2

[Event "XI. Solinger Karnevals-Open"]
[Site "Solingen"]
[Date "2020.02.23"]
[Round "5.4"]
[White "Reinhardt, Klaus"]
[Black "Moser, Axel"]
[Result "0-1"]
[WhiteElo "1757"]
[BlackElo "2137"]
[PlyCount "82"]
[EventDate "2020.02.21"]
[EventType "swiss"]
[EventRounds "5"]
[EventCountry "GER"]
[Tiebreak "Buchholz+Sum of Buchholz"]

1. e4 c5 2. Nf3 d6 3. d3 Nc6 4. g3 g6 5. Bg2 Bg7 6. O-O e5 7. a4 Nge7 8. Nbd2
O-O 9. c3 h6 10. Re1 Be6 11. Nb3 b6 12. Nh4 Qd7 13. Be3 d5 14. Qc2 Rac8 15.
Rad1 g5 16. Nf3 f5 17. exf5 Bxf5 18. Nxg5 hxg5 19. Bxg5 Bg4 20. Rd2 Bf3 21.
Bxf3 Rxf3 22. Rde2 Qf5 23. Bxe7 Nxe7 24. d4 Qxc2 25. Rxc2 e4 26. Rd2 Bh6 27.
Rdd1 c4 28. Nd2 Rf7 29. h4 Rcf8 30. Re2 Bxd2 31. Rexd2 Rf3 32. Kg2 Kg7 33. Rh1
Kh6 34. Rh2 Rg8 35. Rd1 Kh5 36. Ra1 a6 37. a5 b5 38. Rhh1 Nf5 39. Rh3 Nh6 40.
Rb1 Ng4 41. b3 cxb3 0-1

[Event "XI. Solinger Karnevals-Open"]
[Site "Solingen"]
[Date "2020.02.23"]
[Round "5.5"]
[White "Paulus, Jeffrey"]
[Black "Gramb, Marius"]
[Result "0-1"]
[WhiteElo "1904"]
[BlackElo "2125"]
[PlyCount "82"]
[EventDate "2020.02.21"]
[EventType "swiss"]
[EventRounds "5"]
[EventCountry "GER"]
[Tiebreak "Buchholz+Sum of Buchholz"]

1. d4 d5 2. Nc3 c6 3. Bf4 e6 4. e3 Nf6 5. Nf3 Bb4 6. Bd3 c5 7. dxc5 Qa5 8. O-O
Bxc3 9. bxc3 Qxc5 10. Nd4 a6 11. Be5 Nbd7 12. f4 O-O 13. Qe1 b6 14. Nb3 Qe7 15.
Qh4 Re8 16. Rad1 Bb7 17. Bd4 Rac8 18. Nd2 Ne4 19. Qh3 g6 20. Bxe4 dxe4 21. g4
Bd5 22. Rf2 f6 23. c4 Bxc4 24. Nxe4 Bd5 25. Nc3 Ba8 26. Nb1 e5 27. fxe5 fxe5
28. Ba1 Rf8 29. Qf1 Rxf2 30. Qxf2 Rf8 31. Qe2 Qe6 32. e4 Qc6 33. Nc3 Nf6 34.
Nd5 Qc5+ 35. Kg2 Nxd5 36. exd5 Bxd5+ 37. Kg3 Rf3+ 38. Kh4 g5+ 39. Kxg5 Qe7+ 40.
Kh6 Qf6+ 41. Kh5 Bf7# 0-1

[Event "XI. Solinger Karnevals-Open"]
[Site "Solingen"]
[Date "2020.02.23"]
[Round "5.6"]
[White "Esser, Thomas"]
[Black "Borkhardt, Arndt"]
[Result "1-0"]
[WhiteElo "2045"]
[BlackElo "1954"]
[PlyCount "101"]
[EventDate "2020.02.21"]
[EventType "swiss"]
[EventRounds "5"]
[EventCountry "GER"]
[Tiebreak "Buchholz+Sum of Buchholz"]

1. d4 d5 2. Nf3 Nf6 3. c4 dxc4 4. e3 Bg4 5. Bxc4 e6 6. h3 Bh5 7. O-O Nc6 8. Bb5
Bd6 9. Nc3 O-O 10. Bxc6 bxc6 11. e4 Bb4 12. e5 Nd5 13. Ne4 Be7 14. Bd2 Rb8 15.
b3 f5 16. exf6 Bxf6 17. g4 Bg6 18. Nxf6+ Qxf6 19. Ne5 Qh4 20. Kg2 Nf4+ 21. Bxf4
Rxf4 22. Nxg6 hxg6 23. Qe2 Qf6 24. Rac1 Qxd4 25. Qxe6+ Kh7 26. Rc4 Qf6 27. Rxc6
Qxe6 28. Rxe6 a5 29. Kg3 g5 30. Rc1 a4 31. Rc3 axb3 32. axb3 Rfb4 33. Ree3 Kh6
34. Kf3 c5 35. Ke2 R8b7 36. Kd2 R4b5 37. Kc2 Ra7 38. Rf3 Re7 39. Rf5 Re2+ 40.
Kd3 Rb2 41. Kc4 Rb4+ 42. Kd5 R4xb3 43. Rxc5 Rxh3 44. Ke6 Rb6+ 45. Kf7 Rb7+ 46.
Kg8 Rb8+ 47. Rf8 Rxf8+ 48. Kxf8 Rf3+ 49. Kg8 Rxf2 50. Rc6+ g6 51. Rc1 1-0

[Event "XI. Solinger Karnevals-Open"]
[Site "Solingen"]
[Date "2020.02.23"]
[Round "5.7"]
[White "Gallasch, Robin"]
[Black "Müller, Adrian"]
[Result "1/2-1/2"]
[WhiteElo "2040"]
[BlackElo "1953"]
[PlyCount "95"]
[EventDate "2020.02.21"]
[EventType "swiss"]
[EventRounds "5"]
[EventCountry "GER"]
[Tiebreak "Buchholz+Sum of Buchholz"]

1. d4 Nf6 2. c4 e6 3. Nf3 b6 4. g3 Ba6 5. Qc2 c5 6. Bg2 Bb7 7. O-O cxd4 8. Nxd4
Bxg2 9. Kxg2 Bc5 10. Rd1 O-O 11. Nc3 Qe7 12. e4 Nc6 13. Nxc6 dxc6 14. f3 e5 15.
b3 Rfd8 16. Bb2 Ba3 17. Bxa3 Qxa3 18. Rd2 Qe7 19. Rad1 Ne8 {(=)} 20. Ne2 Nc7
21. Qc3 f6 22. b4 Ne6 23. Qb3 Kf8 24. f4 exf4 25. gxf4 Rxd2 26. Rxd2 Rd8 27.
Rxd8+ Qxd8 28. c5 {(=)} Ke7 29. f5 Ng5 30. Qc3 Qd1 31. h4 Nf7 32. cxb6 axb6 33.
b5 cxb5 34. Nf4 Ne5 35. Qa3+ Kf7 36. Qa7+ Qd7 37. Qxb6 Qd2+ 38. Qf2 Qd1 39.
Qa7+ Qd7 40. Qxd7+ Nxd7 41. Kf3 Ke7 42. Ke3 Kd6 43. Kd4 Ne5 44. Nh5 Nf3+ 45.
Kc3 g6 46. Nxf6 Nxh4 47. Nxh7 gxf5 48. exf5 1/2-1/2

[Event "XI. Solinger Karnevals-Open"]
[Site "Solingen"]
[Date "2020.02.23"]
[Round "5.8"]
[White "Philippe, Denis-Emmanuel"]
[Black "Kushchan, Eduard"]
[Result "0-1"]
[WhiteElo "2026"]
[BlackElo "1945"]
[Annotator "Marius"]
[PlyCount "98"]
[EventDate "2020.02.21"]
[EventType "swiss"]
[EventRounds "5"]
[EventCountry "GER"]
[Tiebreak "Buchholz+Sum of Buchholz"]

{[%evp 0,46,19,31,43,7,27,16,21,29,44,58,19,20,22,5,28,-18,-4,-4,-13,-2,-6,-6,
56,10,-10,0,25,25,50,10,33,26,30,6,33,21,48,56,47,53,42,61,53,35,49,17,60]} 1.
d4 d5 2. Nf3 Nf6 3. e3 g6 4. c4 Bg7 5. Nc3 O-O 6. Bd3 dxc4 7. Bxc4 c5 8. d5 Bg4
9. h3 Bxf3 10. Qxf3 Nbd7 11. O-O Nb6 12. Qe2 Nxc4 13. Qxc4 b6 14. e4 Ne8 15.
Bg5 Qd6 16. f4 Bd4+ 17. Kh1 Nc7 18. Rae1 e5 19. f5 f6 20. Bh6 Rf7 21. Qe2 g5
22. Rf3 Kh8 23. Rg3 Rg8 24. Rf1 Qd8 25. Rg4 Rd7 26. Rg3 Qe7 27. a4 Ne8 28. Nb5
Nd6 29. Nxd4 cxd4 30. Rc1 Rc7 31. Rxc7 Qxc7 32. h4 Qc1+ 33. Kh2 Qf4 34. hxg5
Nxe4 35. Qf3 Qxg3+ 36. Qxg3 Nxg3 37. Kxg3 Rc8 38. gxf6 Kg8 39. Kf3 Kf7 40. Bg5
Rc2 41. Ke4 Rxg2 42. Bh6 Kxf6 43. d6 Rg8 44. Kd5 Kxf5 45. d7 e4 46. Bg7 d3 47.
Kd6 Kg4 48. Bh6 Rd8 49. Kc7 Rxd7+ 0-1

[Event "XI. Solinger Karnevals-Open"]
[Site "Solingen"]
[Date "2020.02.23"]
[Round "5.9"]
[White "Gallasch, Jonas"]
[Black "Altok, Mesut"]
[Result "1-0"]
[WhiteElo "2076"]
[BlackElo "1885"]
[PlyCount "61"]
[EventDate "2020.02.21"]
[EventType "swiss"]
[EventRounds "5"]
[EventCountry "GER"]
[Tiebreak "Buchholz+Sum of Buchholz"]

1. d4 d6 2. Nf3 Nd7 3. e4 g6 4. Bc4 Nb6 5. Bb3 Bg7 6. Nbd2 e5 7. c3 exd4 8.
cxd4 Nf6 9. O-O O-O 10. h3 d5 11. e5 Nh5 12. Ne1 Nf4 13. Ndf3 Ne6 14. Be3 a5
15. a4 Bd7 16. Nd3 Bc6 17. Bc2 Nd7 18. Nd2 f6 19. f4 Bh6 20. Qe2 fxe5 21. fxe5
Qh4 22. Bxh6 Nxd4 23. Qg4 Qxh6 24. Qxd4 Qxd2 25. Bb3 Nb6 26. e6 Nc4 27. Rxf8+
Rxf8 28. e7 Rf7 29. Re1 Nd6 30. Bxd5 Bxa4 31. Bxf7+ 1-0

[Event "XI. Solinger Karnevals-Open"]
[Site "Solingen"]
[Date "2020.02.23"]
[Round "5.10"]
[White "El Mali, Anas"]
[Black "Flesch, Stefan"]
[Result "1/2-1/2"]
[WhiteElo "1865"]
[BlackElo "2046"]
[PlyCount "25"]
[EventDate "2020.02.21"]
[EventType "swiss"]
[EventRounds "5"]
[EventCountry "GER"]
[Tiebreak "Buchholz+Sum of Buchholz"]

1. d4 Nf6 2. c4 c5 3. Nf3 cxd4 4. Nxd4 e5 5. Nf3 Nc6 6. a3 d5 7. cxd5 Qxd5 8.
Qxd5 Nxd5 9. e4 Nc7 10. Nc3 Be6 11. Be3 f6 12. Nb5 Nxb5 13. Bxb5 1/2-1/2

[Event "XI. Solinger Karnevals-Open"]
[Site "Solingen"]
[Date "2020.02.23"]
[Round "5.11"]
[White "Martino-Groß, Peter"]
[Black "Thiemonds, Uli"]
[Result "0-1"]
[WhiteElo "1923"]
[BlackElo "2025"]
[PlyCount "48"]
[EventDate "2020.02.21"]
[EventType "swiss"]
[EventRounds "5"]
[EventCountry "GER"]
[Tiebreak "Buchholz+Sum of Buchholz"]

1. Nf3 e6 2. c4 f5 3. g3 Nf6 4. Bg2 d5 5. O-O Bd6 6. d4 c6 7. b3 Qe7 8. Bb2 O-O
9. Nbd2 Nbd7 10. Ne5 Ne4 11. Ndf3 Nxe5 12. Nxe5 Bd7 13. Nxd7 Qxd7 14. f3 Nf6
15. Qd3 f4 16. g4 h6 17. h3 Bc7 18. Ba3 Rfe8 19. e4 fxe3 20. f4 dxc4 21. bxc4
e5 22. d5 exf4 23. d6 e2 24. Rfe1 Re3 0-1

[Event "XI. Solinger Karnevals-Open"]
[Site "Solingen"]
[Date "2020.02.23"]
[Round "5.12"]
[White "Boghossian, Wahe"]
[Black "Müdder, Melanie"]
[Result "0-1"]
[WhiteElo "1835"]
[BlackElo "2011"]
[PlyCount "128"]
[EventDate "2020.02.21"]
[EventType "swiss"]
[EventRounds "5"]
[EventCountry "GER"]
[Tiebreak "Buchholz+Sum of Buchholz"]

1. e4 c5 2. Nf3 Nc6 3. d4 cxd4 4. Nxd4 e5 5. Nb5 d6 6. N1c3 a6 7. Na3 Be6 8.
Nc4 b5 9. Ne3 Nf6 10. Ned5 Be7 11. Nxe7 Qxe7 12. Bg5 O-O 13. Nd5 Bxd5 14. exd5
Nb8 15. Be2 Nbd7 16. Bg4 Nb6 17. Bf5 h6 18. h4 e4 19. Qd4 Nbxd5 20. Qxd5 Nxd5
21. Bxe7 Nxe7 22. Bxe4 d5 23. Bf3 Rac8 24. O-O-O Rfd8 25. Rhe1 Kf8 26. Re5 Rc7
27. h5 a5 28. Bxd5 f6 29. Rxe7 Rxe7 30. Bf3 Rxd1+ 31. Kxd1 Re5 32. Kd2 Ke7 33.
c3 Kd6 34. Kd3 Kc5 35. a3 a4 36. Bg4 Re1 37. Be2 Rb1 38. Kc2 Rg1 39. Bf3 Rf1
40. c4 Rxf2+ 41. Kc3 bxc4 42. Be4 Re2 43. Bf3 Re3+ 44. Kd2 Rb3 45. Kc2 Kd4 46.
Bc6 c3 47. Bxa4 Rxb2+ 48. Kc1 Rxg2 49. Bc6 Ra2 50. a4 Kc5 51. Bb5 Kb4 52. Be8
Re2 53. Bb5 Rh2 54. Be8 Kb3 55. Bc6 Rb2 56. a5 Kb4 57. a6 Ra2 58. Bb7 f5 59.
Kd1 Kc5 60. Kc1 Kd4 61. Kb1 Ra3 62. Kc2 f4 63. Kc1 Kd3 64. Kb1 Kd2 0-1

[Event "XI. Solinger Karnevals-Open"]
[Site "Solingen"]
[Date "2020.02.23"]
[Round "5.13"]
[White "Mukovskiy, Peter"]
[Black "Müdder, Rafael"]
[Result "0-1"]
[WhiteElo "1649"]
[BlackElo "1998"]
[PlyCount "48"]
[EventDate "2020.02.21"]
[EventType "swiss"]
[EventRounds "5"]
[EventCountry "GER"]
[Tiebreak "Buchholz+Sum of Buchholz"]

1. d4 Nf6 2. c4 g6 3. Nc3 d5 4. cxd5 Nxd5 5. e4 Nxc3 6. bxc3 Bg7 7. Bc4 c5 8.
Ne2 O-O 9. O-O Nc6 10. Be3 Qc7 11. Bb3 b6 12. Rc1 Ba6 13. d5 Ne5 14. c4 f5 15.
Nf4 Ng4 16. h3 Nxe3 17. Ne6 Nxd1 18. Nxc7 Nc3 19. Nxa6 Ne2+ 20. Kh1 Nxc1 21.
Rxc1 Be5 22. Bc2 fxe4 23. Bxe4 Rxf2 24. d6 Raf8 0-1

[Event "XI. Solinger Karnevals-Open"]
[Site "Solingen"]
[Date "2020.02.23"]
[Round "5.14"]
[White "Pickardt, Henrik"]
[Black "Höfer, Severin Paul"]
[Result "0-1"]
[WhiteElo "1447"]
[BlackElo "1929"]
[PlyCount "57"]
[EventDate "2020.02.21"]
[EventType "swiss"]
[EventRounds "5"]
[EventCountry "GER"]
[Tiebreak "Buchholz+Sum of Buchholz"]

1. d4 d5 2. Bf4 Nf6 3. e3 c5 4. Nf3 Qb6 5. b3 Bg4 6. dxc5 Qxc5 7. Bd3 Nc6 8.
Bg3 g6 9. Nbd2 e5 10. Be2 e4 11. Nh4 Bxe2 12. Qxe2 Bg7 13. Rc1 O-O 14. O-O d4
15. b4 Qxb4 16. Nb3 Rad8 17. Rfd1 Nd5 18. exd4 Nc3 19. Qd2 Nxd1 20. Qxb4 Nxb4
21. Rxd1 f5 22. Bf4 Nd5 23. Bc1 Rc8 24. Nc5 b6 25. Ne6 Rf7 26. Nxg7 Kxg7 27. g3
Rxc2 28. a3 Nc3 29. d5 0-1

[Event "XI. Solinger Karnevals-Open"]
[Site "Solingen"]
[Date "2020.02.23"]
[Round "5.15"]
[White "Marcziter, Dmitrii"]
[Black "Plum, Paul"]
[Result "1-0"]
[WhiteElo "2274"]
[BlackElo "1760"]
[PlyCount "81"]
[EventDate "2020.02.21"]
[EventType "swiss"]
[EventRounds "5"]
[EventCountry "GER"]
[Tiebreak "Buchholz+Sum of Buchholz"]

1. d4 Nf6 2. c4 g6 3. Nf3 Bg7 4. g3 O-O 5. Bg2 d6 6. Nc3 Nc6 7. d5 Na5 8. Nd2
c5 9. a3 b6 10. Qc2 Bd7 11. O-O Rb8 12. Rb1 Qc8 13. Re1 a6 14. b3 b5 15. Bb2
bxc4 16. bxc4 e6 17. Nce4 Nxe4 18. Bxg7 Nxd2 19. Rxb8 Qxb8 20. Bxf8 Qxf8 21.
Qxd2 Nxc4 22. Qc3 Nb6 23. e4 Bb5 24. dxe6 fxe6 25. Rd1 Qe7 26. Bf1 c4 27. Qd4
Nc8 28. Bxc4 Bxc4 29. Qxc4 Nb6 30. Qxa6 Qc7 31. Rb1 Nc8 32. Qb5 Kf8 33. Qb2 Kg8
34. Qf6 e5 35. Qe6+ Kg7 36. Qd5 Qc3 37. Kg2 Qc2 38. Rb7+ Kh6 39. h4 Ne7 40.
Rxe7 Qb1 41. Qd2+ 1-0

[Event "XI. Solinger Karnevals-Open"]
[Site "Solingen"]
[Date "2020.02.23"]
[Round "5.16"]
[White "Speck, Stefan"]
[Black "Beißel, Daniel"]
[Result "1-0"]
[WhiteElo "1944"]
[BlackElo "1630"]
[PlyCount "55"]
[EventDate "2020.02.21"]
[EventType "swiss"]
[EventRounds "5"]
[EventCountry "GER"]
[Tiebreak "Buchholz+Sum of Buchholz"]

1. e4 e5 2. Bc4 Nf6 3. d3 Bc5 4. Nf3 d6 5. O-O h6 6. c3 O-O 7. a4 a5 8. Na3 c6
9. Nc2 d5 10. exd5 cxd5 11. Bb5 e4 12. Ne5 d4 13. dxe4 dxc3 14. Qe2 Qe7 15. Nd3
Bg4 16. Qe1 Qxe4 17. Qxc3 Bh3 18. Nde1 Rc8 19. Qxh3 Rd8 20. Bd3 Qe5 21. Qf5 Qe7
22. Be3 Rd5 23. Qc8+ Ne8 24. Bb5 Nc6 25. Bxc5 Qxe1 26. Qxa8 Rd8 27. Qxd8 Qxa1
28. Qxe8+ 1-0

[Event "XI. Solinger Karnevals-Open"]
[Site "Solingen"]
[Date "2020.02.23"]
[Round "5.17"]
[White "Rösch, Felix"]
[Black "Boschek, Hans-Joachim"]
[Result "1-0"]
[WhiteElo "1602"]
[BlackElo "1938"]
[PlyCount "85"]
[EventDate "2020.02.21"]
[EventType "swiss"]
[EventRounds "5"]
[EventCountry "GER"]
[Tiebreak "Buchholz+Sum of Buchholz"]

1. e4 c5 2. Nc3 Nc6 3. g3 g6 4. Bg2 Bg7 5. d3 Rb8 6. Be3 d6 7. a4 e6 8. Nge2 a6
9. O-O b5 10. axb5 axb5 11. Qd2 b4 12. Nd1 h5 13. d4 cxd4 14. Nxd4 Nxd4 15.
Bxd4 Nf6 16. f4 e5 17. Be3 h4 18. fxe5 Ng4 19. Qd5 Be6 20. Qc6+ Kf8 21. Qxd6+
Qxd6 22. exd6 hxg3 23. hxg3 Nxe3 24. Nxe3 Bxb2 25. Rad1 Be5 26. Rf3 Kg7 27. Bf1
Rhd8 28. Nc4 Bxc4 29. Bxc4 f6 30. Rfd3 Ra8 31. Kg2 Rac8 32. Bb3 Rc3 33. Rxc3
bxc3 34. d7 Kf8 35. Ba4 Ke7 36. Kf3 Rh8 37. Rd5 Ra8 38. Bb5 Kd8 39. Rc5 Rb8 40.
g4 g5 41. Ke3 Ra8 42. Kd3 Rb8 43. Kc4 1-0

[Event "XI. Solinger Karnevals-Open"]
[Site "Solingen"]
[Date "2020.02.23"]
[Round "5.18"]
[White "Rades, Andreas"]
[Black "Vranidis, Georgios"]
[Result "0-1"]
[WhiteElo "1509"]
[BlackElo "1914"]
[PlyCount "60"]
[EventDate "2020.02.21"]
[EventType "swiss"]
[EventRounds "5"]
[EventCountry "GER"]
[Tiebreak "Buchholz+Sum of Buchholz"]

1. Nf3 d5 2. g3 Nf6 3. Bg2 g6 4. c4 Bg7 5. cxd5 Nxd5 6. e4 Nb6 7. d4 O-O 8. O-O
Bg4 9. Be3 Nc4 10. Qb3 Nxe3 11. fxe3 Nd7 12. Ng5 e6 13. Nxf7 Rxf7 14. Rxf7 Kxf7
15. h3 Be2 16. Nc3 Ba6 17. e5 Nb6 18. Bf1 Qg5 19. Ne4 Qe7 20. Bxa6 bxa6 21. Nc5
Re8 22. e4 Bxe5 23. Rf1+ Kg8 24. Nxe6 Qxe6 25. d5 Qd6 26. g4 Rf8 27. Rc1 Bd4+
28. Kh1 Rf2 29. e5 Qxe5 30. d6+ Kh8 0-1

[Event "XI. Solinger Karnevals-Open"]
[Site "Solingen"]
[Date "2020.02.23"]
[Round "5.19"]
[White "Suzuki, Juliano"]
[Black "Sondermann, Dirk"]
[Result "0-1"]
[WhiteElo "1416"]
[BlackElo "1883"]
[PlyCount "72"]
[EventDate "2020.02.21"]
[EventType "swiss"]
[EventRounds "5"]
[EventCountry "GER"]
[Tiebreak "Buchholz+Sum of Buchholz"]

1. e4 e6 2. d4 d5 3. Nd2 h6 4. Ngf3 Nf6 5. Bd3 c5 6. exd5 exd5 7. Qe2+ Be7 8.
dxc5 Nc6 9. O-O O-O 10. Nb3 Re8 11. Qd1 a5 12. Be3 Bg4 13. c3 Qc7 14. Be2 a4
15. Nbd2 Nd7 16. Re1 Bxc5 17. Bxc5 Nxc5 18. h3 Bh5 19. Nf1 Rad8 20. Ng3 Bg6 21.
Bb5 Rxe1+ 22. Qxe1 Qb6 23. Bxc6 bxc6 24. Qe7 Rf8 25. Re1 Nd3 26. Re3 Qxb2 27.
a3 Qxf2+ 28. Kh2 Nf4 29. Re2 Nxe2 30. Nxe2 Be4 31. Neg1 Rb8 32. Qh4 Qxh4 33.
Nxh4 Rb3 34. Ne2 g5 35. Nf3 Bxf3 36. gxf3 Rb2 0-1

[Event "XI. Solinger Karnevals-Open"]
[Site "Solingen"]
[Date "2020.02.23"]
[Round "5.20"]
[White "Riyadh, Ghassan"]
[Black "Germund, Marlon"]
[Result "1-0"]
[WhiteElo "1846"]
[BlackElo "1404"]
[PlyCount "51"]
[EventDate "2020.02.21"]
[EventType "swiss"]
[EventRounds "5"]
[EventCountry "GER"]
[Tiebreak "Buchholz+Sum of Buchholz"]

1. d4 Nf6 2. c4 g6 3. Nc3 d5 4. Bf4 c6 5. e3 Bg7 6. Nf3 O-O 7. Qa4 dxc4 8. Bxb8
b5 9. Qa3 a5 10. Be5 Bd7 11. b4 axb4 12. Qxb4 Nd5 13. Nxd5 cxd5 14. Bxg7 Kxg7
15. Be2 Ra4 16. Qc5 Qa5+ 17. Kf1 Rxa2 18. Rxa2 Qxa2 19. Qxe7 c3 20. Bd3 Bf5 21.
Bxf5 gxf5 22. g3 Qc4+ 23. Kg2 c2 24. Rc1 b4 25. Nh4 b3 26. Qg5+ 1-0

[Event "XI. Solinger Karnevals-Open"]
[Site "Solingen"]
[Date "2020.02.23"]
[Round "5.21"]
[White "Fränzel, Marius"]
[Black "Gülcan, Batuhan Ege"]
[Result "1-0"]
[WhiteElo "1768"]
[BlackElo "1338"]
[PlyCount "79"]
[EventDate "2020.02.21"]
[EventType "swiss"]
[EventRounds "5"]
[EventCountry "GER"]
[Tiebreak "Buchholz+Sum of Buchholz"]

1. e4 e5 2. Nf3 Nc6 3. Bb5 Nge7 4. c3 a6 5. Ba4 g6 6. d3 Bg7 7. O-O O-O 8. Re1
d6 9. Nbd2 b5 10. Bb3 Bb7 11. Nf1 Nc8 12. Ne3 Nb6 13. Ng4 Qd7 14. h3 Na5 15.
Bh6 Bxh6 16. Nf6+ Kg7 17. Nxd7 Nxd7 18. Bc2 c5 19. b4 cxb4 20. cxb4 Nc6 21. a3
Nb6 22. Bb3 Kg8 23. d4 exd4 24. Nxd4 Nxd4 {(=)} 25. Qxd4 Bg7 26. Qxb6 Bxa1 27.
Qxb7 Bb2 28. Re3 Rac8 29. Rf3 Be5 30. g3 Rc1+ 31. Kg2 Kg7 32. Rxf7+ Rxf7 33.
Qxf7+ Kh6 34. Qf8+ Bg7 35. Qf4+ g5 36. Qxc1 d5 37. Qc6+ Kh5 38. Bd1+ g4 39.
Bxg4+ Kg5 40. f4# 1-0

[Event "XI. Solinger Karnevals-Open"]
[Site "Solingen"]
[Date "2020.02.23"]
[Round "5.22"]
[White "Petrovic, Julijan"]
[Black "Cakir, Eren"]
[Result "0-1"]
[WhiteElo "1592"]
[BlackElo "1985"]
[PlyCount "74"]
[EventDate "2020.02.21"]
[EventType "swiss"]
[EventRounds "5"]
[EventCountry "GER"]
[Tiebreak "Buchholz+Sum of Buchholz"]

1. d4 Nf6 2. c4 e6 3. Nc3 b6 4. e4 d6 5. Nf3 Bb7 6. Bd3 Be7 7. O-O O-O 8. a3 c5
9. d5 e5 10. Ne1 Nbd7 11. f4 exf4 12. Bxf4 Ne5 13. Nf3 Nfd7 14. Qd2 Bf6 15.
Rab1 Rc8 16. Nb5 Nxd3 17. Qxd3 Ne5 18. Nxe5 dxe5 19. Bd2 a6 20. Nc3 Bg5 21.
Bxg5 Qxg5 22. Rf5 Qe7 23. Qg3 f6 24. Qd3 Rcd8 25. Rff1 Rd6 26. Rfc1 Bc8 27. Rf1
g6 28. b4 cxb4 29. axb4 Qc7 30. Rbc1 f5 31. exf5 Bxf5 32. Ne4 Rd7 33. Qe3 Rdf7
34. c5 bxc5 35. bxc5 Bxe4 36. Rxf7 Qxf7 37. d6 Bc6 0-1

[Event "XI. Solinger Karnevals-Open"]
[Site "Solingen"]
[Date "2020.02.23"]
[Round "5.23"]
[White "Reinhard, Ralf-Peter"]
[Black "Zimdars, Wolfgang"]
[Result "1-0"]
[WhiteElo "1899"]
[BlackElo "1652"]
[PlyCount "100"]
[EventDate "2020.02.21"]
[EventType "swiss"]
[EventRounds "5"]
[EventCountry "GER"]
[Tiebreak "Buchholz+Sum of Buchholz"]

1. d4 d5 2. Nf3 Nf6 3. e3 e6 4. Bd3 Bd6 5. O-O O-O 6. Nbd2 Nbd7 7. c3 c6 8. e4
Nxe4 9. Nxe4 dxe4 10. Bxe4 Nf6 11. Bc2 Qc7 12. Qd3 g6 13. Re1 Re8 14. Bd2 Bf8
15. c4 Bd7 16. Ne5 Bg7 17. Qf3 Bc8 18. Rad1 a5 19. Bc3 h5 20. b3 Ng4 21. Nxg4
hxg4 22. Qxg4 e5 23. Qg3 Qe7 24. dxe5 Be6 25. h3 Red8 26. Rxd8+ Rxd8 27. Qf3
Qc7 28. Qe3 c5 29. f4 b6 30. Re2 Qc8 31. Rd2 Rxd2 32. Qxd2 Bf8 33. Be4 Be7 34.
Qd3 Kf8 35. a4 Bh4 36. Qd6+ Kg7 37. Qd3 Be7 38. Be1 Kf8 39. g4 f5 40. exf6 Bxf6
41. Bxg6 Qc7 42. Bg3 Bd4+ 43. Kh2 Qg7 44. Qe4 Qd7 45. Bf5 Bxf5 46. Qxf5+ Qxf5
47. gxf5 Kf7 48. Bh4 Bf6 49. Bg5 Bc3 50. Kg3 Be1+ 1-0